<?xml version="1.0" encoding="UTF-8"?>
<marc:record xmlns:marc="http://www.loc.gov/MARC21/slim">
   <marc:leader>00000nam a2200000 a 4500</marc:leader>
   <marc:datafield ind1=" " ind2=" " tag="653">
      <marc:subfield code="a">Musik</marc:subfield>
   </marc:datafield>
   <marc:datafield ind1=" " ind2=" " tag="653">
      <marc:subfield code="a">Lieder</marc:subfield>
   </marc:datafield>
   <marc:datafield ind1=" " ind2=" " tag="653">
      <marc:subfield code="a">Sonstige-Hörbuch</marc:subfield>
   </marc:datafield>
   <marc:datafield ind1=" " ind2=" " tag="653">
      <marc:subfield code="a">Tonies</marc:subfield>
   </marc:datafield>
   <marc:datafield ind1=" " ind2=" " tag="653">
      <marc:subfield code="a">Tonie-Hörbuch</marc:subfield>
   </marc:datafield>
   <marc:datafield ind1="0" ind2="0" tag="245">
      <marc:subfield code="a">Deine Freunde-Das Gelbe von Drei</marc:subfield>
   </marc:datafield>
   <marc:datafield ind1="0" ind2="0" tag="245">
      <marc:subfield code="b">das Gelbe von Drei</marc:subfield>
   </marc:datafield>
   <marc:datafield ind1=" " ind2="1" tag="264">
      <marc:subfield code="a">Berlin</marc:subfield>
      <marc:subfield code="b">Oetinger audio</marc:subfield>
      <marc:subfield code="c">2017</marc:subfield>
   </marc:datafield>
   <marc:datafield ind1="1" ind2=" " tag="520">
      <marc:subfield code="a">Dieser großartige Tonie macht nicht nur optisch was her, sondern bringt euch auch ein exklusives Best-Of der drei Freunde Florian Sump, Markus Pauli und Lukas Nimscheck auf die Toniebox. Die coolste Kinderband der Welt wurde bereits mit dem Hamburger Musikpreis HANS ausgezeichnet und wir haben uns die perfektesten Leckerbissen aller Studioalben herausgepickt, um euch diesen tollen Tonie zu präsentieren.&#xD;
&#xD;
Ab 4 Jahre&#xD;
&#xD;
Titelliste:&#xD;
01 - Schokolade&#xD;
02 - Mein lieber Freund, ich zähl bis Drei&#xD;
03 - Deine Mudder&#xD;
04 - Du bist aber groß geworden&#xD;
05 - Die besten gemeinsten Eltern der Welt&#xD;
06 - Digge Luft&#xD;
07 - Einfach klein sein&#xD;
08 - Schatz&#xD;
09 - Aber dann Hausaufgaben&#xD;
10 - Ohne mein Brudi&#xD;
11 - Erzähl mal&#xD;
12 - Der Dummi mit dem Flummi&#xD;
13 - Wann sind wir da?&#xD;
14 - Mecker&#xD;
15 - Häschen Hüpf&#xD;
16 - Erwachsene wissen auch nicht alles&#xD;
Laufzeit ca. 55 Minuten</marc:subfield>
   </marc:datafield>
   <marc:datafield ind1="3" ind2=" " tag="024">
      <marc:subfield code="a">4251192104229</marc:subfield>
   </marc:datafield>
   <marc:datafield ind1=" " ind2=" " tag="041">
      <marc:subfield code="a">ger</marc:subfield>
   </marc:datafield>
   <marc:datafield ind1=" " ind2=" " tag="338">
      <marc:subfield code="a">Nicht spezifiziert</marc:subfield>
   </marc:datafield>
   <marc:datafield ind1=" " ind2=" " tag="300">
      <marc:subfield code="a">1</marc:subfield>
   </marc:datafield>
</marc:record>
